Každý rozpočet má aj svoje brehy financovanie neštátnych škôl v súlade s fiškálnou decentralizáciou

Bibliographic Details
Format: Article
Language:Slovak
ISSN:1335-7883
Subjects:

MARC

LEADER 00000nab a2200000 ar4500
001 vtls008879265
003 SK-MaSNL
005 20260426100722.0
008 061120c2006 xo sr|p|||||||000 b|slo
015 |a SNBRB2006/11  |2 snkbucl 
038 |a SNKBUCL 
040 |a SNKBUCL  |b slo  |c SNKBUCL  |e AACR2 
041 0 |a slo 
044 |a xo  |c SK 
080 |a 37.058  |x (437.6)  |2 1997 
080 |a 336  |2 1997 
245 0 0 |a Každý rozpočet má aj svoje brehy  |b financovanie neštátnych škôl v súlade s fiškálnou decentralizáciou  |c [autor] (co) 
650 0 7 |a súkromné školy  |2 snkbucl  |9 71385 
650 0 7 |a financovanie  |2 snkbucl  |9 16004 
651 7 |a Slovensko  |2 snkbucl  |9 14231 
655 7 |a články z novín a časopisov  |2 snkbucl  |9 267496 
773 0 |t Verejná správa  |g Roč. 61, č. 23 (2006), s. 19  |x 1335-7883 
852 |a SNK  |b KIS3GCP 
958 |a SK 
999 |c 3205347  |d 3207277